Представление документа в формате RUSMARC

ПолеНазваниеЗначение
  Тип записи c
  Библиографический уровень m
001 Контрольный номер RU/УОНБ/EK_N/461595437
005 Дата корректировки 20250520122024.5
100 Данные общей обработки __
a Данные общей обработки 20140817d2007 u y0rusy0189||||ca
101 Язык документа 0_
a Язык текста rus
102 Страна публикации __
a Страна публикации RU
105 Кодированные данные (монография) __
a Кодированные данные (монография) y###||||000|y
200 Заглавие и сведения об ответственности 1_
a Заглавие Избранное
b Общее обозначение материала [Ноты]
d Параллельное заглавие Selected Pieces
e Сведения, относящиеся к заглавию для скрипки и фп.
f Первые сведения об ответственности Паганини
z Язык параллельного заглавия eng
210 Выходные данные 1_
a Место издания Москва
c Издательство Музыка
d Дата издания 2007 -
215 Физическое описание __
d Формат 29 см
225 Серия 1_
a Серия Из наследия великих скрипачей
d Параллельное заглавие серии Great Violinists as Composers
z Язык параллельного заглавия серии eng
300 Общие примечания __
a Общие примечания Изд. на рус. и англ. яз.
512 Заглавие обложки 1_
a Заглавие обложки Избранное
686 Индексы других классификаций __
a Классификационный индекс 85
2 Код системы rubbk
700 Автор _1
a Фамилия Паганини
b Имя (инициалы) Н.
g Полное личное имя Никколо
801 Источник записи _0
a Страна RU
b Организация Ульяновская ОНБ
c Дата составления 20140817
g Правила каталогизации RCR
801 Источник записи _1
a Страна RU
b Организация Ульяновская ОНБ
c Дата составления 20140817
g Правила каталогизации RCR
901 Тип документа __
t Тип документа v
909 Создатель записи __
a Создатель записи Лобина Л. И.
938 Служебная информация __
a Имя БД noti
b Имя библиотеки УОНБ
c Имя АИБС МАРК-SQL
d Номер DOC_ID в БД 12478